| 000 | 00539nam a22001697a 4500 | ||
|---|---|---|---|
| 005 | 20251108175630.0 | ||
| 008 | 250721s2012 xx 000 0 ara d | ||
| 082 | 1 | 4 | _aم/811.2/معن |
| 100 | 1 | _aمعن بن اوس، معن بن اوس بن نصر بن زياد المزني | |
| 245 | 1 | 0 | _aديوان معن بن أوس المزني / |
| 264 | 1 |
_aبيروت : _bدار صادر، _c2012. |
|
| 300 | _a155ص. | ||
| 650 | 1 | 7 | _aالشعر العربي |
| 650 | 1 | 7 | _aعصر صدر الاسلام |
| 942 |
_2ddc _cREF |
||
| 999 |
_c138718 _d138718 |
||